| Tag |
First Indicator |
Second Indicator |
Subfields |
| LEADER |
00000cam a2200000 4500 |
| 001 |
in00000059471 |
| 005 |
20151007082448.0 |
| 008 |
721025s1957 eng u |
| 010 |
|
|
|a 57006741
|
| 035 |
|
|
|a (OCoLC)00477406
|
| 035 |
|
|
|9 AAF7911AM
|
| 040 |
|
|
|c CSU
|d OCL
|d TXA
|d UtOrBLW
|
| 049 |
|
|
|a TXAM
|c [283387]
|
| 050 |
|
0 |
|a HD8055.A5
|b T3
|
| 092 |
|
|
|a 331.880973
|b T124a
|
| 100 |
1 |
|
|a Taft, Philip,
|d 1902-1976.
|
| 245 |
1 |
4 |
|a The A. F. of L. in the time of Gompers.
|
| 250 |
|
|
|a [1st ed.].
|
| 264 |
|
1 |
|a New York :
|b Harper,
|c [1957]
|
| 300 |
|
|
|a xx, 508p. ;
|c 25cm.
|
| 336 |
|
|
|a text
|b txt
|2 rdacontent
|
| 337 |
|
|
|a unmediated
|b n
|2 rdamedia
|
| 338 |
|
|
|a volume
|b nc
|2 rdacarrier
|
| 504 |
|
|
|a Bibliographical footnotes.
|
| 610 |
2 |
0 |
|a American Federation of Labor.
|
| 999 |
|
|
|a MARS
|
| 999 |
f |
f |
|s a5bb3b8c-3c78-3432-8cae-66e32250d4f4
|i e4f2213f-e219-343a-8f85-88f790f3b25b
|t 0
|
| 952 |
f |
f |
|p ric
|a Texas A&M University
|b Rellis Campus
|c Joint Library Facility
|d Remote Storage
|t 0
|e HD8055.A5 T3
|h Library of Congress classification
|i unmediated -- volume
|m A14800724732
|
| 998 |
f |
f |
|a HD8055.A5 T3
|t 0
|l Remote Storage
|